000 00309nam a22001337a 4500
008 180918b xxu||||| |||| 00| 0 eng d
020 _a0716719568
041 _aeng
080 _a616.073
100 _a6
101 _aGEN
245 _aAn Introduction To Genetics Analysis
_cSuzuki.g
942 _2udc
_cBK
999 _c47955
_d47955